Performance '81 : proceedings of the 8th International Symposium on Computer Performance Modelling, Measurement, and Evaluation, Amsterdam, 4-6 November, 1981 /

Bibliographic Details
Corporate Authors: International Symposium on Computer Performance Modeling, Measurement, and Evaluation Amsterdam, Netherlands, IFIP Working Group 7.3 on Computer System Modelling, Studiecentrum NOVI (Netherlands)
Other Authors: Kylstra, F. J. (Floris J.)
Format: Conference Proceeding Book
Language:English
Published: Amsterdam ; New York : North-Holland Pub. Co. ; [1981]
Subjects:

MARC

Tag First Indicator Second Indicator Subfields
LEADER 00000cam a22000008a 4500
001 in00000081851
005 20151008054156.0
008 811127s1981 ne a b 10010 eng
010 |a  81018993  
020 |a 0444863303 
035 |a (OCoLC)08032612 
035 |9 AAH9869AM 
039 0 |a 2  |b 3  |c 3  |d 3  |e 3 
040 |a DLC  |c DLC  |d TXA  |d UtOrBLW 
049 |a TXAM  |c [1672358] 
050 0 0 |a QA76.9.E94  |b I57 1981 
082 0 |a 001.64  |2 19 
111 2 |a International Symposium on Computer Performance Modeling, Measurement, and Evaluation  |n (8th :  |d 1981 :  |c Amsterdam, Netherlands) 
245 1 0 |a Performance '81 :  |b proceedings of the 8th International Symposium on Computer Performance Modelling, Measurement, and Evaluation, Amsterdam, 4-6 November, 1981 /  |c edited by F.J. Kylstra ; sponsored by IFIP Working Group 7.3 on Computer System Modelling and Netherlands Society for Informatics (NGI) with the cooperation of ACM Sigmetrics, Royal Institute of Engineers (Klvl), German Informatics Society (GI). 
263 |a 8112 
264 1 |a Amsterdam ;  |a New York :  |b North-Holland Pub. Co. ;  |c [1981] 
264 2 |a New York, N.Y. :  |b Sole distributors for the U.S.A. and Canada, Elsevier North-Holland, 
264 4 |c ©1981 
300 |a xii, 545 pages :  |b illustrations ;  |c 23 cm. 
336 |a text  |b txt  |2 rdacontent 
337 |a unmediated  |b n  |2 rdamedia 
338 |a volume  |b nc  |2 rdacarrier 
504 |a Includes bibliographical references. 
650 0 |a Electronic digital computers  |x Evaluation  |v Congresses. 
650 0 |a Queuing theory  |v Congresses. 
650 0 |a Electronic data processing  |x Distributed processing  |v Congresses. 
700 1 |a Kylstra, F. J.  |q (Floris J.) 
710 2 |a IFIP Working Group 7.3 on Computer System Modelling. 
710 2 |a Studiecentrum NOVI (Netherlands) 
999 |a MARS 
999 f f |s 3437dc6f-d8e4-3db1-9f4b-58a38f88ab6f  |i cd10ad46-ca15-3132-99b9-419e4c78c0e3  |t 0 
952 f f |p ric  |a Texas A&M University  |b Rellis Campus  |c Joint Library Facility  |d Remote Storage  |t 0  |e QA76.9.E94 I57 1981  |h Library of Congress classification  |i unmediated -- volume  |m A14806202924 
998 f f |a QA76.9.E94 I57 1981  |t 0  |l Remote Storage